Shouting wont grow dendrites (Record no. 24603)

MARC details
000 -LEADER
fixed length control field 00617nam a22001937a 4500
003 - CONTROL NUMBER IDENTIFIER
control field OSt
005 - DATE AND TIME OF LATEST TRANSACTION
control field 20260617151757.0
008 - FIXED-LENGTH DATA ELEMENTS--GENERAL INFORMATION
fixed length control field 260617b |||||||| |||| 00| 0 eng d
020 ## - INTERNATIONAL STANDARD BOOK NUMBER
International Standard Book Number 978-1-4129-2780-2
040 ## - CATALOGING SOURCE
Transcribing agency Chuka University Library
050 ## - LIBRARY OF CONGRESS CALL NUMBER
Classification number LB 3013
Item number .T3 2007
100 ## - MAIN ENTRY--PERSONAL NAME
Personal name Tate Marcial .L
9 (RLIN) 29831
245 ## - TITLE STATEMENT
Title Shouting wont grow dendrites
Remainder of title Technique for managing a brain-compatible clssroom
260 ## - PUBLICATION, DISTRIBUTION, ETC.
Place of publication, distribution, etc. Thousand oaks
Name of publisher, distributor, etc. Corwin press
Date of publication, distribution, etc. 2007
300 ## - PHYSICAL DESCRIPTION
Extent 140
650 ## - SUBJECT ADDED ENTRY--TOPICAL TERM
Topical term or geographic name entry element Classroom management united states problems
9 (RLIN) 29832
650 ## - SUBJECT ADDED ENTRY--TOPICAL TERM
Topical term or geographic name entry element Teaching united states problems
9 (RLIN) 29833
942 ## - ADDED ENTRY ELEMENTS (KOHA)
Source of classification or shelving scheme Library of Congress Classification
Koha item type Long Loan Books
Suppress in OPAC No
Holdings
Withdrawn status Lost status Source of classification or shelving scheme Damaged status Not for loan Collection Home library Current library Shelving location Date acquired Source of acquisition Cost, normal purchase price Total Checkouts Full call number Barcode Date last seen Price effective from Koha item type
    Library of Congress Classification     General Collection Books Main Campus Library Main Campus Library General Stacks 17/06/2026 Donations from books for Africa 2581.00   LB 3013 .T3 2007 35111/2026 17/06/2026 17/06/2026 Long Loan Books

Powered by Koha